000 00801nam a22002417a 4500
005 20250807120520.0
008 250807b |||||||| |||| 00| 0 eng d
020 _a978-0-19-061966-4 (pbk)
037 _cHandbook
040 _aAL
_cAL
041 _2ENG
_aENG
084 _aS:7:7 Q5
_qAL
100 _aJensen, Lene Arnett
_9817430
245 _aOxford handbook of human development and cultur
_binterdisciplinary perspective
260 _aNew York, USA:
_bOxford University Press,
_c2016
300 _axxiv,742p.
365 _b69.00
_cUSD
650 _aPSYCHOLOGY
650 _aDEVELOPMENTAL PSYCHOLOGY
_933068
650 _aCULTURE
942 _2CC
_cTB
_hS:7:7 Q5
_n0
999 _c1434605
_d1434605